Mariner-venus, 1967 : (Record no. 722012)
[ view plain ]
| 000 -LEADER | |
|---|---|
| fixed length control field | 01169nam a2200325 a 4500 |
| 001 - CONTROL NUMBER | |
| control field | vtls001361525 |
| 003 - CONTROL NUMBER IDENTIFIER | |
| control field | NLI |
| 005 - DATE AND TIME OF LATEST TRANSACTION | |
| control field | 20210627081715.0 |
| 008 - FIXED-LENGTH DATA ELEMENTS--GENERAL INFORMATION | |
| fixed length control field | 120625s1971 dcua f000 0 eng |
| 039 #9 - LEVEL OF BIBLIOGRAPHIC CONTROL AND CODING DETAIL [OBSOLETE] | |
| -- | 201206251838 |
| -- | VLOAD |
| 040 ## - CATALOGING SOURCE | |
| Original cataloging agency | NLI |
| Language of cataloging | eng |
| Transcribing agency | Datasoft_FOD_6 |
| Description conventions | AACR2 |
| 041 0# - LANGUAGE CODE | |
| Language code of text/sound track or separate title | eng |
| 044 ## - COUNTRY OF PUBLISHING/PRODUCING ENTITY CODE | |
| MARC country code | dcu |
| 082 04 - DEWEY DECIMAL CLASSIFICATION NUMBER | |
| Classification number | 343.73096 |
| 110 1# - MAIN ENTRY--CORPORATE NAME | |
| Corporate name or jurisdiction name as entry element | United States. |
| Subordinate unit | National Aeronautics and Space Administration |
| 9 (RLIN) | 709661 |
| 245 10 - TITLE STATEMENT | |
| Title | Mariner-venus, 1967 : |
| Remainder of title | final project report / |
| Statement of responsibility, etc. | United States, National Aeronautics and Space Administration |
| 260 ## - PUBLICATION, DISTRIBUTION, ETC. | |
| Place of publication, distribution, etc. | Washington, D. C. : |
| Name of publisher, distributor, etc. | National Aeronautics and Space Administration, |
| Date of publication, distribution, etc. | 1971 |
| 300 ## - PHYSICAL DESCRIPTION | |
| Extent | x, 301 p. : |
| Other physical details | ill. ; |
| Dimensions | 26 cm. |
| 440 #0 - SERIES STATEMENT/ADDED ENTRY--TITLE | |
| Title | NASA SP-190 |
| 9 (RLIN) | 836905 |
| 610 20 - SUBJECT ADDED ENTRY--CORPORATE NAME | |
| Corporate name or jurisdiction name as entry element | Project Mariner (U.S.) |
| 9 (RLIN) | 710126 |
| 650 #0 - SUBJECT ADDED ENTRY--TOPICAL TERM | |
| Topical term or geographic name entry element | Maritime Law |
| Geographic subdivision | United States |
| 9 (RLIN) | 708387 |
| 650 #0 - SUBJECT ADDED ENTRY--TOPICAL TERM | |
| Topical term or geographic name entry element | Merchant mariners |
| General subdivision | Law and legislation |
| Geographic subdivision | United States |
| 650 #0 - SUBJECT ADDED ENTRY--TOPICAL TERM | |
| Topical term or geographic name entry element | Marine transportation |
| General subdivision | Law and legislation |
| Geographic subdivision | United States |
| 887 ## - NON-MARC INFORMATION FIELD | |
| Content of non-MARC field | |
| 901 ## - LOCAL DATA ELEMENT A, LDA (RLIN) | |
| a | AD 745 |
| b | 10.11.1973 |
| 9 | 1967 |
| 902 ## - LOCAL DATA ELEMENT B, LDB (RLIN) | |
| a | U.S 343.73096 Un 3 |
| 904 ## - LOCAL DATA ELEMENT D, LDD (RLIN) | |
| l | 1372 |
| 949 ## - LOCAL PROCESSING INFORMATION (OCLC) | |
| -- | VIRTUAITEM |
| -- | 10002 |
| -- | 100 |
| 6 | FOD000000745ENG |
| 9 | 1967 |
| 942 ## - ADDED ENTRY ELEMENTS (KOHA) | |
| Source of classification or shelving scheme | Dewey Decimal Classification |
| Koha item type | Books |
| Withdrawn status | Lost status | Damaged status | Not for loan | Collection code | Home library | Current library | Shelving location | Date acquired | Total Checkouts | Full call number | Barcode | Date last seen | Price effective from | Koha item type |
|---|---|---|---|---|---|---|---|---|---|---|---|---|---|---|
| National Library of India | National Library of India | U.S 343.73096 Un 3 | FOD000000745ENG | 27/06/2021 | 27/06/2021 | Books |
